| 000 | 00531nam a2200193 a 4500 | ||
|---|---|---|---|
| 001 | 1766566527040 | ||
| 003 | YourLibrary | ||
| 005 | 20251226115018.0 | ||
| 008 | 251224s1990##################000#0#eng## | ||
| 020 | _a9780521346269 | ||
| 082 | 0 | 4 |
_a232.5 _bBAR |
| 100 | 1 |
_aMacken, John, _eauthor. |
|
| 245 | 1 | 0 | _aThe Autonomy Theme in the Church Dogmatics : |
| 260 |
_bCambridge University Press, _c1990. |
||
| 300 | _a242 pages | ||
| 650 | 0 | _aLiterary Collections. | |
| 942 | _cENGLISH | ||
| 040 |
_aYourLibrary _beng _cYourLibrary |
||
| 999 |
_c604616 _d604616 |
||